| 000 | 00601nam a2200205 u 4500 | ||
|---|---|---|---|
| 005 | 20221117063447.0 | ||
| 008 | 121003s1993 mx r 000 0 spa d | ||
| 020 | _a9686579656 | ||
| 035 | _aUPN01000186951 | ||
| 049 | _aI | ||
| 050 | 4 |
_aQC495.5 _bM3.3 |
|
| 100 | 1 |
_aMartínez Blanco, Enrique, _d1947- _932755 |
|
| 245 | 1 | 3 |
_aEl color perdido / _cEnrique Martínez Blanco. |
| 260 |
_aMéxico : _bSITESA, _c1993. |
||
| 300 |
_a[36] p. : _bil. |
||
| 440 | 0 | _aCuentos sin palabras | |
| 650 | 4 |
_aCUENTOS INFANTILES CUBANOS _911212 |
|
| 650 | 2 |
_aColores _vLiteratura infantil _921262 |
|
| 905 | _aInfantil | ||
| 999 |
_c159054 _d159054 |
||